La salud y la cocina (Registro nro. 5475)

Detalles MARC
000 -Cabecera
Campo de control de longitud fija 00860ata a2200349 4500
005 - Fecha y hora de la última transacción
Campo de control 20250516182127.0
008 - Elementos de longitud fija--Información general
Campo de control de longitud fija 150513b2009 xxu||||| |||| 00| 0 spa d
020 ## - International Standard Book Number
Número Internacional Estándar del Libro (ISBN) 9789507715679
041 ## - Idioma
Código de idioma Español
082 ## - Clasificación Decimal Dewey
Número de clasificación 613.2 A284s
100 ## - Entrada principal--Autor personal
Nombre personal Aguirre, Valeria Cynthia
9 (RLIN) 14989
245 ## - Título propiamente dicho
Título La salud y la cocina
260 ## - Pie de imprenta
Lugar de publicación, distribución, etc. Argentina
260 ## - Pie de imprenta
Nombre del editor, distribuidor, etc. Cultural Librera Americana
260 ## - Pie de imprenta
Fecha de publicación, distribución, etc. 2009
300 ## - Descripción física
Extensión 360 páginas
300 ## - Descripción física
Otras características físicas Ilustraciones y fotografías a color
650 ## - Materia general
Temática (materia general) NUTRICIÓN
650 ## - Materia general
Temática (materia general) SALUD
650 ## - Materia general
Temática (materia general) RECETAS SALUDABLES
650 ## - Materia general
Temática (materia general) COLESTEROL
650 ## - Materia general
Temática (materia general) OSTEOPOROSIS
650 ## - Materia general
Temática (materia general) DIABÉTES
650 ## - Materia general
Temática (materia general) GASTRITIS
650 ## - Materia general
Temática (materia general) DISFUNCIONES INTESTINALES
650 ## - Materia general
Temática (materia general) HEPATITIS
650 ## - Materia general
Temática (materia general) AFECCIONES RENALES
650 ## - Materia general
Temática (materia general) ARTRITIS
650 ## - Materia general
Temática (materia general) SIDA
650 ## - Materia general
Temática (materia general) CÁNCER
942 ## - Punto de acceso adicional KOHA
Tipo de ítem KOHA Libro
Fuente del sistema de clasificación o colocación Dewey Decimal Classification
Existencias
Signatura completa Código de barras Tipo de ítem
613.2 A284s 14451 Libro